000 00491nam a2200157 4500
008 040707s1936 nyu 000 0 eng
090 _aBT77
_bB83o
100 1 _aBrunner, Heinrich Emil,
_d1889-
245 1 0 _aOur faith.
260 _aNew York :
_bC. Scribner's Sons,
_c1936.
300 _ax,153 p.
650 4 _afaith.
650 4 _aTheology, Doctrinal
_xPopular works.
700 1 _aRilling, John William,
_d1906-
_etr.
951 _p18174
_x00006790
_oBT77/B83o
_j070613111403812
_d2000-12-21
_cGC
999 _c20455
_d20455